MAASAI MARA UNIVERSITY

LIBRARY CATALOGUE

Contact Us: +254 020 2685356/7 or 0774 057787

Box: 861-20500, NAROK, KENYA

Email: info@mmarau.ac.ke

14th International Workshop on Weak Interactions and Neutrinos, Seoul, Korea, 19-24 July 1993 / (Record no. 19317)

MARC details
000 -LEADER
fixed length control field 01386nam a22003257a 4500
001 - CONTROL NUMBER
control field 677894
003 - CONTROL NUMBER IDENTIFIER
control field OSt
005 - DATE AND TIME OF LATEST TRANSACTION
control field 20170518101239.0
008 - FIXED-LENGTH DATA ELEMENTS--GENERAL INFORMATION
fixed length control field 161007b xxu||||| |||| 00| 0 eng d
010 ## - LIBRARY OF CONGRESS CONTROL NUMBER
LC control number 95136028
020 ## - INTERNATIONAL STANDARD BOOK NUMBER
International Standard Book Number 9810218435
040 ## - CATALOGING SOURCE
Original cataloging agency mmu
Transcribing agency mmu
Language of cataloging eng
050 00 - LIBRARY OF CONGRESS CALL NUMBER
Classification number SQ794.8.C663
Item number 1991
082 00 - DEWEY DECIMAL CLASSIFICATION NUMBER
Classification number 539.7/213
Edition number 20
111 2# - MAIN ENTRY--MEETING NAME
Meeting name or jurisdiction name as entry element International Workshop on Weak Interactions and Neutrinos
Number of part/section/meeting (14th :
Date of meeting 1993 :
Location of meeting Seoul, Korea)
245 10 - TITLE STATEMENT
Title 14th International Workshop on Weak Interactions and Neutrinos, Seoul, Korea, 19-24 July 1993 /
Statement of responsibility, etc. editors, Jihn E. Kim and S.K. Kim.
260 ## - PUBLICATION, DISTRIBUTION, ETC. (IMPRINT)
Place of publication, distribution, etc. Singapore ;
-- River Edge, NJ :
Name of publisher, distributor, etc. World Scientific,
Date of publication, distribution, etc. c1994.
300 ## - PHYSICAL DESCRIPTION
Extent 353 p. :
Other physical details ill. ;
Dimensions 23 cm.
500 ## - GENERAL NOTE
General note At head of title: 12th Symposium on Theoretical Physics.
500 ## - GENERAL NOTE
General note "The 14th International Workshop on Weak Interactions and Neutrinos was held ... as the 12th Symposium on Theoretical Physics"--P. v.
504 ## - BIBLIOGRAPHY, ETC. NOTE
Bibliography, etc Includes bibliographical references.
650 #0 - SUBJECT ADDED ENTRY--TOPICAL TERM
Topical term or geographic name as entry element Weak interactions (Nuclear physics)
General subdivision Congresses.
650 #0 - SUBJECT ADDED ENTRY--TOPICAL TERM
Topical term or geographic name as entry element Neutrinos
General subdivision Congresses.
700 1# - ADDED ENTRY--PERSONAL NAME
Personal name Kim, Jihn E.
700 1# - ADDED ENTRY--PERSONAL NAME
Personal name Kim, S. K.
Fuller form of name (Sun Kee)
711 2# - ADDED ENTRY--MEETING NAME
Meeting name or jurisdiction name as entry element Symposium on Theoretical Physics
Number of part/section/meeting (12th :
Date of meeting 1993 :
Location of meeting Seoul, Korea)
906 ## - LOCAL DATA ELEMENT F, LDF (RLIN)
a 7
b cbc
c orignew
d 2
e ncip
f 19
g y-gencatlg
942 ## - ADDED ENTRY ELEMENTS (KOHA)
Source of classification or shelving scheme Library of Congress Classification
Koha item type L

No items available.

© 2016 Maasai Mara University.